000 01135nas a2200277 454500
001 29630
005 20260407193508.0
008 260407s2007####ag###########|||spa#d
003 AR-UNSa-BCEJYS
040 _aAR-UNSa-BCEJYS
_bspa
_cAR-UNSa-BCEJYS
080 _a330.101
_xCiencia económica en general. La economía y sus problemas. Objeto y métodos de la economía política
245 1 0 _aCuadernos de Investigación del CEINLADI
022 _a1851-6084
264 1 _aBuenos Aires :
_bCEINLADI
_c2007
310 _aFrecuencia: Irregular
041 _aspa
942 _cSER
590 _aniveau_biblio:s niveau_hierar:1
100 1 _aUniversidad de Buenos Aires. Facultad de Ciencias Económicas. Centro de Investigación en Estudios Latinoamericanos para el Desarrollo y la Integración
700 1 _aMonserrat Llairó, María de
650 _aDesarrollo económico y social
650 _aCiencias sociales
650 _aIntegración económica
650 _aIntegración social
856 4 1 _uhttps://biblioeco.unsa.edu.ar/pmb/images/revistas/Cuadernes de Investigaci?n del CEINLADI-r14306.jpg
_yImagen de portada
_qimage/jpeg
999 _c8676
_d8676